Mzda, cena a zisk

Salvato in:
Dettagli Bibliografici
Natura: Libro
Lingua:slovacco
Pubblicazione: Bratislava Pravda 1948
Tags: Aggiungi Tag
Nessun Tag, puoi essere il primo ad aggiungerne!!

MARC

LEADER 00000nam a2200000 4500
001 0268185
005 20240822101711.6
041 0 |a slo 
044 |a -CS 
245 1 0 |a Mzda, cena a zisk  |c Karol Marx 
264 1 |a Bratislava  |b Pravda  |c 1948